Historia gráfica de la propiedad industrial en Chile 2010
Bewaard in:
| Coauteur: | |
|---|---|
| Formaat: | Boek |
| Taal: | Spaans |
| Gepubliceerd in: |
Santiago
Instituto Nacional de Propiedad Intelectual
2010
|
| Editie: | 1a. ed |
| Onderwerpen: | |
| Tags: |
Voeg label toe
Geen labels, Wees de eerste die dit record labelt!
|
MARC
| LEADER | 00000cam a2200000 a 4500 | ||
|---|---|---|---|
| 001 | UCG5687 | ||
| 003 | CL-VaPUC | ||
| 008 | 110317e20100000CL |||||||||||||||||spa|d | ||
| 020 | |a 9789569009006 | ||
| 082 | 0 | 4 | |a 658.827 |b INS |2 21 |
| 110 | 2 | |a Instituto Nacional de Propiedad Intelectual |e author |9 555433 | |
| 245 | 1 | 0 | |a Historia gráfica de la propiedad industrial en Chile 2010 |
| 250 | |a 1a. ed | ||
| 300 | |a 195 p | ||
| 942 | |c BK | ||
| 945 | |d 20110317 00:00:00 |a dcastane | ||
| 260 | |a Santiago |b Instituto Nacional de Propiedad Intelectual |c 2010 | ||
| 650 | 0 | |a Marcas comerciales |9 386702 | |
| 650 | 0 | |a Derecho de propiedad intelectual |9 382240 | |
| 650 | 0 | |a Imagen corporativa |9 464486 | |
| 650 | 0 | |a Propiedad industrial |9 255086 | |
| 651 | 7 | |a CHILE |2 CL-VaPUC |9 555434 | |
| 583 | |a last modification |c 20160922 04:10:33 |k Rodrigo Vera | ||
| 999 | |c 344082 |d 344080 | ||
| 952 | |0 0 |1 0 |4 0 |6 658_827000000000000_INS_2010 |7 0 |8 A |9 441866 |a BIBARQ |b BIBARQ |d 2019-11-22 |i 4754891 |l 1 |o 658.827 INS 2010 |p 4754891 |r 2025-01-20 |s 2022-05-25 |w 2019-11-22 |y BK |k ARQ | ||
| 952 | |0 0 |1 0 |3 erb |4 0 |6 658_827000000000000_INS_2010 |7 0 |8 CCM |9 441867 |a BIBCUR |b BIBCUR |i 5342651 |o 658.827 INS 2010 |p 5342651 |r 2025-04-22 |w 2019-11-22 |y BK |z Catalogado en:20160922 |k CIM | ||